| 000 | 00427cam a2200181ua 4500 | ||
|---|---|---|---|
| 020 | _c1.50 | ||
| 041 |
_ahin _h |
||
| 082 |
_a891.54 _bJAI/TY |
||
| 100 | _aJainendra Kumar, . | ||
| 245 |
_aTyag patra / _cJainendra kumar. _hTextual Documents |
||
| 250 |
_a2 / _b. |
||
| 260 |
_aDelhi : _bPoorvoday Prakashan , _c1960. |
||
| 300 | _a100 ; . | ||
| 365 | _a1.50 | ||
| 504 | _a | ||
| 942 | _cBK | ||
| 999 |
_c6447 _d6447 |
||